000 00373cam a22001217a 4500
008 180718b1985 xxu||||| |||| 00| 0 eng d
082 _aT2196x5414 P882
100 _aPradhan, Gopinath
245 _aIndustrial states and state development
_cby Gopinath Pradhan
260 _aNew Delhi
_bCriterion
_c1985
300 _a291p.
650 _aIndustry - Small-Scale - India - Orissa
999 _c351508
_d351508